000 00858nam a22002537a 4500
005 20170123162324.0
010 _aA-905745
020 _c60.00
035 _aA-905745
037 _bCen Lib/Ret
040 _aDPL
_bUR
082 _a841
_bک ه و
100 _aکھوسلا، مدن لال
_9118634
245 _aرباب کن /
_c مدن لال کھوسلا چیتن دہلوی
246 _aRabab-e-kun /
_bby Madan Lal Khosla Chetal Dehlvi
260 _aدہلی
_b مدن لال کھوسلا چیتن دہلوی
_c1997
270 _bدہلی
_a١/٥٦، اولڈ راجندر نگر
_e110060
300 _a109p.
_c21cm(Hb)
650 _a ادب - اردو
_9118635
650 _a اردو شاعری
_9118636
650 _aLiterature -- Urdu
_9118637
650 _aUrdu poetry
_9118638
942 _2ddc
_cUR
_h841
_mک ه و
999 _c107314
_d107314